Loading...
| History - Other | 0 | 7 | 1 | 2 | 65 | 80 | 111.29 | 4 | 7 | 0.00 | 0.00 |
| Social Science | 0 | 5 | 0 | 0 | 50 | 52 | 87.80 | 2 | 5 | 0.00 | 0.00 |
| Other | 0 | 5 | 1 | 0 | 45 | 81 | 96.80 | 3 | 5 | 0.00 | 0.00 |
| History - American | 0 | 3 | 0 | 0 | 30 | 83 | 95.33 | 1 | 3 | 0.00 | 0.00 |
| History - European | 0 | 3 | 0 | 1 | 30 | 69 | 100.00 | 2 | 3 | 0.00 | 0.00 |
| Mythology | 0 | 2 | 0 | 1 | 20 | 127 | 128.50 | 0 | 2 | 0.00 | 0.00 |
| Philosophy | 0 | 3 | 2 | 0 | 20 | 46 | 78.33 | 2 | 3 | 0.00 | 0.00 |
| History - World | 0 | 1 | 0 | 0 | 10 | 75 | 75.00 | 1 | 1 | 0.00 | 0.00 |
| Religion | 0 | 1 | 1 | 0 | 5 | 72 | 72.00 | 0 | 1 | 0.00 | 0.00 |
| Fine Arts - Other | 0 | 1 | 1 | 0 | 5 | 100 | 100.00 | 1 | 1 | 0.00 | 0.00 |